000 00543nam a2200181Ia 4500
005 20250508151017.0
008 008 250505s9999 xx 000 0 eng d
037 _aTextual
040 _aFEDL
_beng
_cFEDL
041 _aeng
_2eng
084 _a371.33, CAR
_qFEDL
100 _aCarroll John S
245 0 _aTeacher education and visual education for the modern school : A research study
260 _aCalifornia, USA
_bSan Diego County
_c1948
300 _a166p
942 _cTEXL
_h371.33, CAR
999 _c1327036
_d1327036